| 000 | 005320000a22001810004500 | ||
|---|---|---|---|
| 003 | MACL | ||
| 005 | 20160413171049.0 | ||
| 008 | 160413b xxu||||| |||| 00| 0 eng d | ||
| 040 |
_aMACL _cMACL |
||
| 041 | _aHindi | ||
| 082 | _a610 | ||
| 100 |
_aकात्यायन _952338 |
||
| 245 | _aमहिला-रोग और उनकी रोकथाम | ||
| 260 |
_bकैलााश प्रकाशन _c2004 _aइलाहाबाद |
||
| 350 | _a30 | ||
| 650 |
_aGynecology _951883 |
||
| 942 |
_cHIN _k610 _2ddc |
||
| 999 |
_c19324 _d19324 |
||